[Event "FRA-chT4"]
[Site "France"]
[Date "2012.11.18"]
[Round "2"]
[White "Waczecka, Jerome"]
[Black "Hacene, Ahmed"]
[Result "1/2-1/2"]
[WhiteElo "1711"]
[BlackElo "1773"]
[PlyCount "85"]
[EventDate "2012.10.24"]
[EventType "team-swiss"]
[EventRounds "9"]
[EventCountry "FRA"]
[SourceTitle "EXT 2014"]
[Source "ChessBase"]
[SourceDate "2013.11.20"]
[SourceVersion "1"]
[SourceVersionDate "2013.11.20"]
[SourceQuality "1"]

1. d4 Nf6 2. Nf3 e6 3. Bg5 d5 4. Nbd2 Be7 5. e3 a6 6. Bd3 Nbd7 7. c3 c5 8. Rc1 c4 9. Bb1 b5 10. 0-0 Bb7 11. Ne5 Nxe5 12. dxe5 Nd7 13. Bxe7 Qxe7 14. f4 Qc5 15. Qf3 0-0-0 16. Kh1 g5 17. Qf2 h5 18. Nf3 g4 19. Nd4 h4 20. h3 Rdg8 21. Rg1 gxh3 22. gxh3 Rg3 23. Rxg3 hxg3 24. Qxg3 Qe7 25. Kh2 f5 26. Rg1 Nc5 27. Qg7 Qe8 28. Rg6 Kb8 29. Nxe6 Nxe6 30. Rxe6 Qh5 31. Qg2 Ka8 32. Rf6 d4 33. Rxa6+ Kb8 34. Rb6 Rh7 35. cxd4 Ka7 36. Rxb7+ Rxb7 37. d5 Qf7 38. e4 fxe4 39. Qxe4 Qe7 40. d6 Qh4 41. Qd4+ Ka6 42. d7 Rxd7 43. Qxd7 1/2-1/2

[Event "Charleville Mezieres op 5th"]
[Site "Charleville Mezieres"]
[Date "2008.??.??"]
[Round "7"]
[White "Djanbekov, Kamil"]
[Black "Hacene, Ahmed"]
[Result "0-1"]
[WhiteElo "1710"]
[BlackElo "1709"]
[PlyCount "64"]
[EventDate "2008.12.26"]
[EventType "swiss"]
[EventRounds "7"]
[EventCountry "FRA"]
[SourceTitle "CBM 128 Extra"]
[Source "ChessBase"]
[SourceDate "2009.03.05"]
[SourceVersion "2"]
[SourceVersionDate "2009.03.25"]
[SourceQuality "1"]

1. e4 e6 2. Nc3 c5 3. b3 Nc6 4. Bb2 d5 5. exd5 exd5 6. Bb5 Nf6 7. Qe2+ Be7 8. Bxc6+ bxc6 9. Na4 0-0 10. d3 Re8 11. 0-0-0 Bf5 12. f3 Bg6 13. h4 d4 14. g4 Nd5 15. Qd2 Bxh4 16. Kb1 Bg5 17. Qf2 Be3 18. Qg3 Bf4 19. Qf2 Bd6 20. Nh3 Qc7 21. Rdg1 Nb6 22. Nxb6 axb6 23. Ng5 Qa7 24. a3 c4 25. c3 Bxd3+ 26. Kc1 Bf4+ 27. Kd1 Bxg5 28. f4 Re2 29. Qxd4 Bf6 30. Qd6 Rxb2 31. Re1 Bxc3 32. Qxd3 cxd3 0-1